Commutative normed rings
Saved in:
| Main Author: | |
|---|---|
| Other Authors: | , |
| Format: | Book |
| Language: | English |
| Published: |
Providence, Rhode Island :
AMS Chelsea Pub.,
1999
|
| Subjects: | |
| Tags: |
Add Tag
No Tags, Be the first to tag this record!
|
MARC
| LEADER | 00000nam a2200000 i 4500 | ||
|---|---|---|---|
| 001 | 1/74921 | ||
| 008 | 080305s1999 eng d | ||
| 020 | |a 0-8218-2022-2 (hbk.) | ||
| 035 | |l 10094784 | ||
| 040 | |a GR-MY-UA |b gre |e aacr | ||
| 041 | 0 | |a eng | |
| 082 | 0 | |a 512.55 |2 (22) | |
| 100 | 1 | |a Gelfand, I. M. |q (Izrail Moiseevich) | |
| 245 | 1 | 0 | |a Commutative normed rings / |c I. Gelfand, D. Raikov, G. Shilov |
| 260 | |a Providence, Rhode Island : |b AMS Chelsea Pub., |c 1999 | ||
| 300 | |a 306 σ.; |c 24 εκ. | ||
| 504 | |a Βιβλιογραφία: σ. 295-299. Ευρετήριο | ||
| 650 | 0 | 0 | |a Banach algebras. |
| 700 | 1 | |a Raikov, D. A. | |
| 700 | 1 | |a Shilov, G. E. |q (Georgi Evgenevich) | |
| 852 | |a INST |b CHIOS |e 20080219 |h 512.55 GEL |p 005200027769 |q 005200027769 |t BK |y 0 | ||
| 901 | |a BIBL2-2008-1 | ||
| 909 | |a Χ |b 144745 | ||
| 922 | |a 2ΕΛΗ |b 200801 |c ΕΠΕΑΕΚ2/ΤΜΟΔ |d ΕΛΕΥΘΕΡΟΥΔΑΚΗΣ | ||
| 970 | |a ΑΤΣΑΛΗ |b ΔΕΣΠΟΙΝΑ |z 2008/03/05 | ||